| 000 | 00497nam a2200205Ia 4500 | ||
|---|---|---|---|
| 008 | 170918s9999 xx 000 0 und d | ||
| 020 | _a6075995X | ||
| 050 | _bW396di 1996 | ||
| 100 | _aWells, Rebecca | ||
| 245 | _aDivine secrets of the ya-ya sisterhood : | ||
| 245 | _ba novel / | ||
| 245 | _cby Rebecca Wells. | ||
| 250 | _aFirst edition | ||
| 260 | _aNew York : | ||
| 260 | _bPerennial | ||
| 260 | _c1996 | ||
| 300 | _a383 pages : | ||
| 300 | _billustrations ; | ||
| 300 | _c20cm. | ||
| 999 |
_c343650 _d343650 |
||